000 00590nam a2200217Ia 4500
003 OSt
005 20220924145810.0
006 a|||||r|||| 00| 0
007 ta
008 220923b |||||||| |||| 00| 0 tel d
024 _a330264
037 _cTextual
040 _aARTS
_cARTS
_btel
041 _2tel
_atel
082 _aO15,1A2:g(R), 35J5.6
100 _aSastry Subhrahmanya Au.
_9220583
245 0 _aTattva kathana parisisthamu
260 _c1955
942 _hO15,1A2:g(R), 35J5.6
_cTEXL
_2CC
999 _c461183
_d461183